000 00290nam a22001337a 4500
008 170831b xxu||||| |||| 00| 0 eng d
020 _a9780077428204
041 _aeng
080 _a070
100 _a40
101 _aMED
245 _aTHE ART SPEAKING
_cLUCAS.S.E
942 _2udc
_cBK
999 _c25683
_d25683